Paesi più Vicini alla Turchia - Statistics

Statistiche generali
  • Questo quiz è stato fatto 5.804 volte
  • Il punteggio medio è 17 su 20
Statistiche sulle risposte
Km Paese Miglia % Corretto
0 Grecia 0
98%
0 Iran 0
93%
0 Iraq 0
92%
0 Georgia 0
91%
285 Israele 177
90%
0 Siria 0
90%
0 Bulgaria 0
89%
0 Armenia 0
88%
69 Cipro 43
88%
136 Russia 85
88%
0 Azerbaijan 0
86%
198 Romania 123
85%
125 Libano 78
84%
274 Macedonia del Nord 170
81%
420 Albania 261
79%
342 Giordania 213
79%
366 Ucraina 227
77%
388 Kosovo 241
71%
387 Moldavia 240
71%
322 Serbia 200
71%
Nessun quiz corrispondente trovato
Distribuzione punteggi
Percentuale di utenti per punteggio
Percentile per numero di risposta
I tuoi punteggi nel tempo
Non hai fatto questo quiz